[Event "FIDE World Cup"]
[Site "Khanty-Mansiysk"]
[Date "2019.09.13"]
[Round "2.1"]
[White "Vidit, Santosh Gujrathi"]
[Black "Rakhmanov, Alexander"]
[Result "1/2-1/2"]
[WhiteElo "2718"]
[BlackElo "2606"]
[PlyCount "61"]
[EventDate "2019.09.10"]
[EventType "k.o."]
[EventRounds "7"]
[EventCountry "RUS"]
[SourceTitle "CBM 192"]
[Source "ChessBase"]
[SourceDate "2019.10.31"]
[SourceVersion "1"]
[SourceVersionDate "2019.10.31"]
[SourceQuality "1"]

1. d4 d5 2. c4 e6 3. Nc3 a6 4. cxd5 exd5 5. Qb3 c5 6. Qxd5 cxd4 7. Qxd8+ Kxd8 8. Nd5 Be6 9. Nf4 Bb4+ 10. Bd2 Bxd2+ 11. Kxd2 Nf6 12. g3 Nc6 13. Bg2 Re8 14. Ngh3 Bxh3 15. Nxh3 Kc7 16. Rac1 Ne4+ $146 ({RR} 16... Re5 17. Nf4 Rae8 18. h4 h6 19. Bf3 Ne4+ 20. Bxe4 Rxe4 21. Rc5 R4e5 22. Rhc1 Kd6 23. Rxe5 Rxe5 24. Nd3 Ra5 25. a3 h5 26. Rg1 g6 27. f3 Ne5 28. Rc1 Nc6 29. g4 hxg4 30. fxg4 Ne5 31. Nxe5 {Steingrimsson,H (2513)-Koykka,P (2361) Jyvaskyla 2022 1-0 (54)}) ({RR} 16... Re5 17. Nf4 Rae8 18. h4 h6 19. Bf3 Ne4+ 20. Bxe4 Rxe4 21. Rc5 R4e5 22. Rhc1 Kd6 23. Rxe5 Rxe5 24. Nd3 Ra5 25. a3 h5 26. Rg1 g6 27. f3 Ne5 28. Rc1 Nc6 29. g4 hxg4 30. fxg4 Ne5 31. Nxe5 {Steingrimsson,H (2513)-Koykka,P (2361) Jyvaskyla 2022 1-0 (54)}) 17. Bxe4 Rxe4 18. Nf4 g5 19. Nd3 Rae8 20. Rhe1 Kd6 21. Rc4 b5 22. Rc5 f6 23. Rcc1 R4e7 24. b3 h6 25. h3 Rc7 26. a4 Na5 27. Rxc7 Kxc7 28. axb5 axb5 29. Rb1 Kd6 30. Nc1 Ra8 31. Rb2 1/2-1/2

[Event "EU-chT (Men) 21st"]
[Site "Heraklion"]
[Date "2017.11.05"]
[Round "8.1"]
[White "Gelfand, Boris"]
[Black "Nisipeanu, Liviu Dieter"]
[Result "1/2-1/2"]
[WhiteElo "2737"]
[BlackElo "2672"]
[PlyCount "69"]
[EventDate "2017.10.28"]
[EventType "team-swiss"]
[EventRounds "9"]
[EventCountry "GRE"]
[SourceTitle "CBM 182"]
[Source "ChessBase"]
[SourceDate "2018.01.17"]
[SourceVersion "1"]
[SourceVersionDate "2018.01.17"]
[SourceQuality "1"]
[WhiteTeam "Israel"]
[BlackTeam "Germany"]
[WhiteTeamCountry "ISR"]
[BlackTeamCountry "GER"]

1. c4 e6 2. Nc3 d5 3. d4 a6 4. cxd5 exd5 5. Bf4 Nf6 6. e3 Bd6 7. Bxd6 Qxd6 8. Bd3 O-O 9. Qc2 c5 10. dxc5 Qxc5 11. Nge2 Nc6 12. Rd1 Rd8 13. O-O Bg4 14. h3 $146 ({RR} 14. Bf5 d4 15. Bxg4 Nxg4 16. exd4 Nxd4 17. Nxd4 Rxd4 18. Rxd4 Qxd4 19. h3 Nf6 20. Rd1 {½-½ (20) Jval,S (2330)-Soham,K (2407) Abu Dhabi 2025}) ({RR} 14. Bf5 d4 15. Bxg4 Nxg4 16. exd4 Nxd4 17. Nxd4 Rxd4 18. Rxd4 Qxd4 19. h3 Nf6 20. Rd1 {½-½ (20) Jval Saurin Patel (2330)-Soham,K (2407) Abu Dhabi UAE 2025}) 14... Bh5 15. Qa4 d4 16. exd4 Qb6 17. Rd2 Bxe2 18. Nxe2 Rd6 19. Rfd1 Rad8 20. Bb1 g6 21. Qc4 Na5 22. Qd3 Nc6 23. a3 Nxd4 24. Nxd4 Rxd4 25. Qe3 Rxd2 26. Rxd2 Qc7 27. Rxd8+ Qxd8 28. Bc2 Ne8 29. Be4 Nd6 30. Bd5 Qf6 31. b3 Kg7 32. a4 Nf5 33. Qd3 b6 34. g3 a5 35. Be4 1/2-1/2

[Event "EU-ch 19th"]
[Site "Batumi"]
[Date "2018.03.21"]
[Round "5"]
[White "Mchedlishvili, Mikheil"]
[Black "Berkes, Ferenc"]
[Result "1/2-1/2"]
[WhiteElo "2600"]
[BlackElo "2671"]
[PlyCount "52"]
[EventDate "2018.03.17"]
[EventType "swiss"]
[EventRounds "11"]
[EventCountry "GEO"]
[SourceTitle "CBM 184"]
[Source "ChessBase"]
[SourceDate "2018.05.16"]
[SourceVersion "1"]
[SourceVersionDate "2018.05.16"]
[SourceQuality "1"]

1. d4 d5 2. c4 e6 3. Nc3 a6 4. cxd5 exd5 5. Bf4 Nf6 6. e3 Bd6 7. Bg5 Be6 8. Bd3 Nbd7 9. Nge2 ({RR} 9. f4 h6 10. Bh4 g5 11. fxg5 hxg5 12. Bxg5 c6 13. Qf3 Be7 14. Nge2 Qb6 15. O-O-O c5 16. Bc2 O-O-O 17. Nf4 Bg4 18. Nfxd5 Nxd5 19. Nxd5 Bxf3 20. Nxb6+ Nxb6 21. Bxe7 Bxd1 22. Bf5+ {1-0 (22) Carlsen,M (2855)-Mamedyarov,S (2762) chess24.com INT 2021}) 9... h6 ({RR} 9... O-O 10. Nf4 h6 11. Nxe6 fxe6 12. Bh4 c6 13. Qb3 Rb8 14. O-O c5 15. dxc5 Nxc5 16. Qd1 Qb6 17. Rb1 Nxd3 18. Qxd3 Qb4 19. Bg3 Bxg3 20. hxg3 Qg4 21. Qe2 Qg5 22. Rbd1 Rbc8 23. Rd4 Rc5 24. Rfd1 {Mchedlishvili,M (2570)-Izoria,Z (2602) Chess.com INT 2020 0-1 (57)}) 10. Bh4 Qe7 ({RR} 10... O-O 11. Qc2 Re8 12. h3 Rc8 13. O-O c6 14. f3 c5 15. Bf2 cxd4 16. exd4 Nh5 17. Qd2 Bb8 18. f4 f5 19. Rfe1 Ndf6 20. Rac1 Ne4 21. Bxe4 fxe4 22. g4 Nf6 23. f5 Bf7 24. Nf4 Nh7 25. Kg2 {Aradhya,G (2429)-Grandelius,N (2666) chess.com INT 2026 0-1 (46)}) 11. Qc2 Rc8 $146 ({RR} 11... c5 12. Bf5 Bxf5 13. Qxf5 Qe6 14. Qc2 c4 15. a4 b6 16. Bg3 O-O 17. O-O Rfe8 18. Bxd6 Qxd6 19. Qf5 Nb8 20. Nf4 Rd8 21. b3 cxb3 22. Rab1 Nc6 23. Rxb3 Na5 24. Rbb1 Rac8 25. Rbc1 Rc4 26. Nce2 {Durucay,U (2067)-Taspinar,Y (2278) Cesme TUR 2023 0-1 (45)}) ({RR} 11... c5 12. Bf5 Bxf5 13. Qxf5 Qe6 14. Qc2 c4 15. a4 b6 16. Bg3 O-O 17. O-O Rfe8 18. Bxd6 Qxd6 19. Qf5 Nb8 20. Nf4 Rd8 21. b3 cxb3 22. Rab1 Nc6 23. Rxb3 Na5 24. Rbb1 Rac8 25. Rbc1 Rc4 26. Nce2 {Durucay,U (2067)-Taspinar,Y (2278) Cesme TUR 2023 0-1 (45)}) 12. h3 c5 13. dxc5 Rxc5 14. O-O O-O 15. f4 Nb6 16. Ng3 Rfc8 17. Qf2 Qd8 18. Rad1 Be7 19. Nce2 Ne4 20. Bxe7 Qxe7 21. Qe1 Bd7 22. Bxe4 dxe4 23. f5 f6 24. Nd4 Nc4 25. Qf2 Kh7 26. b3 Nd6 1/2-1/2

[Event "FIDE World Cup"]
[Site "Tbilisi"]
[Date "2017.09.09"]
[Round "3.1"]
[White "Ivanchuk, Vassily"]
[Black "Kramnik, Vladimir"]
[Result "1/2-1/2"]
[WhiteElo "2728"]
[BlackElo "2803"]
[PlyCount "67"]
[EventDate "2017.09.03"]
[EventType "k.o."]
[EventRounds "7"]
[EventCountry "GEO"]
[SourceTitle "CBM 181"]
[Source "ChessBase"]
[SourceDate "2017.11.10"]
[SourceVersion "1"]
[SourceVersionDate "2017.11.10"]
[SourceQuality "1"]

1. c4 e6 2. Nc3 d5 3. cxd5 exd5 4. d4 c6 5. Qc2 Bd6 6. Nf3 Ne7 7. Bg5 f6 8. Bd2 Na6 ({RR} 8... O-O 9. e4 Bg4 10. O-O-O a5 11. h3 Be6 12. e5 fxe5 13. dxe5 Bc5 14. Ng5 Bf5 15. Bd3 Qc8 16. Bxf5 Qxf5 17. Qxf5 Rxf5 18. f4 Na6 19. Ne6 Ba7 20. g4 Rf7 21. f5 Nc5 22. Nxc5 Bxc5 23. Rhf1 {Chylewski,P (2305)-Cieslak,P (2494) Chotowa POL 2026 1-0 (43)}) 9. e4 ({RR} 9. a3 Nc7 10. e4 dxe4 11. Nxe4 Bg4 12. Qb3 b6 13. Bc4 Ned5 14. O-O Be7 15. h3 Be6 16. Qc2 Qd7 17. Rac1 O-O-O 18. Rfe1 Kb7 19. b4 Rhe8 20. Qb3 b5 21. Bf1 Nb6 22. Qc2 Bd5 23. Bf4 Ne6 {Rapport,R (2735)-Shankland,S (2731) Saint Louis 2019 1-0 (43)}) 9... Nb4 10. Qb3 a5 $146 ({RR} 10... dxe4 11. Nxe4 Nbd5 12. Bc4 O-O 13. O-O Kh8 14. Rfe1 a5 15. Nc5 b6 16. Ne6 Bxe6 17. Rxe6 b5 18. Bf1 a4 19. Qc2 Qd7 20. Rae1 Rae8 21. g3 Ng6 22. Bh3 Rxe6 23. Bxe6 Qb7 24. Bh3 Rd8 25. Bg2 {Maehrlein,C-Delemarre,I (2254) Germany 2000 1-0 (43)}) 11. a3 a4 12. Qd1 dxe4 13. Nxe4 Nbd5 14. Bc4 Be6 15. O-O O-O 16. Re1 Bf7 17. Nh4 Kh8 18. Qg4 Bc7 19. Nc5 g5 20. Nf3 h5 21. Qe4 Bg6 22. Qe2 Re8 23. Qf1 Nf5 24. Bd3 b6 25. Ne6 Qd7 26. Nxc7 Qxc7 27. Rxe8+ Rxe8 28. Re1 Qf7 29. Rxe8+ Qxe8 30. Qe1 Qxe1+ 31. Nxe1 Kg7 32. Bxf5 Bxf5 33. g3 Kg6 34. f3 1/2-1/2

[Event "GER CupT prel"]
[Site "Germany"]
[Date "2018.03.04"]
[Round "2.1"]
[White "Kuzubov, Yuriy"]
[Black "Bacrot, Etienne"]
[Result "0-1"]
[WhiteElo "2689"]
[BlackElo "2718"]
[PlyCount "98"]
[EventDate "2018.03.03"]
[EventType "team-k.o."]
[EventRounds "2"]
[EventCountry "GER"]
[SourceTitle "CBM 183 Extra"]
[Source "ChessBase"]
[SourceDate "2018.04.19"]
[SourceVersion "1"]
[SourceVersionDate "2018.04.19"]
[SourceQuality "1"]
[WhiteTeam "Bad Emstal/Wolfhagen"]
[BlackTeam "Baden-Baden"]
[WhiteTeamCountry "GER"]
[BlackTeamCountry "GER"]

1. d4 {RR} d5 2. c4 e6 3. Nc3 Be7 4. cxd5 exd5 5. Bf4 c6 6. e3 Bf5 7. Nge2 Nd7 8. Ng3 Bg6 9. Rc1 ({RR} 9. Be2 Nb6 10. Be5 Nf6 11. h4 h6 12. h5 Bh7 13. Bd3 O-O 14. Bxh7+ Kxh7 15. Qc2+ Kh8 16. Nf5 Nc4 17. b3 Nxe5 18. dxe5 Ng4 19. f4 Qd7 20. O-O-O f6 21. e4 fxe5 22. Qe2 Nf6 23. Nh4 exf4 {Nakamura,H (2758)-Aronian,L (2802) London 2011 CBM 146 [RR] 1-0 (54)}) 9... Ngf6 ({RR} 9... h5 10. h4 Bxh4 11. Qb3 Bxg3 12. Bxg3 Qb6 13. Qa3 Ngf6 14. Be2 a5 15. Bd6 Ne4 16. Nxe4 Bxe4 17. Rxh5 Rxh5 18. Bxh5 Bxg2 19. Be2 Be4 20. f3 Bf5 21. Kf2 f6 22. Bd3 Bxd3 23. Qxd3 O-O-O 24. b4 {Milikow,Y (2412)-Bacrot,E (2646) Chess.com INT 2022 0-1 (45)}) 10. h4 h5 11. Bg5 $146 ({RR} 11. Bd3 Bxd3 12. Qxd3 g6 13. e4 dxe4 14. Ngxe4 Nxe4 15. Nxe4 O-O 16. g4 hxg4 17. h5 g5 18. Bd2 Re8 19. Kd1 Ne5 20. Qe3 Nf3 21. Bc3 Bf6 22. Nxf6+ Qxf6 23. Qd3 Qe6 24. d5 Qxd5 25. Qxd5 cxd5 {Quirke,J (2086)-Brunner,N (2423) Chess.com INT 2022 0-1}) ({RR} 11. Be2 Nb6 12. Bg5 Ne4 13. Ncxe4 Bxe4 14. Nxe4 dxe4 15. Qc2 f5 16. Qb3 Qd5 17. Bc4 Qa5+ 18. Ke2 Nxc4 19. Qxc4 Bxg5 20. hxg5 O-O-O 21. b4 Qd5 22. b5 Qxc4+ 23. Rxc4 Kd7 24. Rb1 Rb8 25. Kd2 Rhc8 {Moroni,L (2559)-Postny,E (2570) Veli Losinj CRO 2024 1-0 (53)}) 11... Bd6 12. Nge2 Qb6 13. Qd2 O-O 14. Bf4 Be7 15. Ng3 Rfe8 16. Be2 Rac8 17. a3 a6 18. Bf3 Nf8 19. Na4 Qd8 20. Nc5 b6 21. Nd3 Ne4 22. Bxe4 dxe4 23. Ne5 c5 24. dxc5 Bxc5 25. Qxd8 Rcxd8 26. Ke2 Rd5 27. b4 Be7 28. Rc6 Bf6 29. Nxg6 Nxg6 30. Bc7 b5 31. Rc5 Rxc5 32. bxc5 Bb2 33. Bd6 Ne5 34. Nf5 Nc6 35. Rb1 Bxa3 36. Nd4 Rc8 37. Ra1 b4 38. Nc2 Bb2 39. Rxa6 b3 40. Na3 Nb4 41. Ra7 Nd3 42. Nc4 Bc3 43. f3 Nxc5 44. Rc7 Rxc7 45. Bxc7 b2 46. Na3 Na4 47. Bd6 Bf6 48. fxe4 Nc3+ 49. Kd3 Nb5 0-1

[Event "FIDE Chess.com Grand Swiss"]
[Site "Douglas"]
[Date "2019.10.19"]
[Round "9"]
[White "Vocaturo, Daniele"]
[Black "Bacrot, Etienne"]
[Result "1/2-1/2"]
[WhiteElo "2620"]
[BlackElo "2671"]
[PlyCount "60"]
[EventDate "2019.10.10"]
[EventType "swiss"]
[EventRounds "11"]
[EventCountry "IOM"]
[SourceTitle "CBM 193"]
[Source "ChessBase"]
[SourceDate "2019.12.31"]
[SourceVersion "1"]
[SourceVersionDate "2019.12.31"]
[SourceQuality "1"]

1. d4 d5 2. c4 e6 3. Nc3 Be7 4. cxd5 exd5 5. Bf4 c6 6. e3 Bf5 7. Nge2 Nd7 8. h4 Ngf6 9. Ng3 Be6 10. Bd3 O-O 11. Nf5 Re8 12. Nxe7+ Qxe7 13. O-O Ne4 $146 ({RR} 13... Nf8 14. Re1 Ng6 15. Bg3 Rad8 16. Rc1 Qd7 17. Na4 Re7 18. Nc5 Qc8 19. b4 a6 20. f3 Bf5 21. Bf1 Rde8 22. Rc3 h6 23. Bd6 Nxh4 24. Qd2 g5 25. a4 Qd8 26. Bxe7 Rxe7 27. b5 axb5 28. axb5 {Wagh,S (2362)-Van Hesselingen,G (2218) Karlsruhe GER 2026 1-0 (51)}) 14. Bxe4 dxe4 15. Nxe4 Bc4 16. Nd6 Bxf1 17. Nxe8 Rxe8 18. Qxf1 Qxh4 19. d5 Qf6 20. dxc6 Qxc6 21. Rc1 Qb6 22. Rc7 Nf8 23. Qc4 Ne6 24. Rc8 Rxc8 25. Qxc8+ Qd8 26. Qxb7 Nxf4 27. exf4 Qd1+ 28. Kh2 Qh5+ 29. Kg1 Qd1+ 30. Kh2 Qh5+ 1/2-1/2

[Event "Tata Steel-A 82nd"]
[Site "Wijk aan Zee"]
[Date "2020.01.16"]
[Round "5"]
[White "Firouzja, Alireza"]
[Black "Giri, Anish"]
[Result "1-0"]
[WhiteElo "2723"]
[BlackElo "2768"]
[PlyCount "101"]
[EventDate "2020.01.11"]
[EventType "tourn"]
[EventRounds "13"]
[EventCountry "NED"]
[EventCategory "20"]
[SourceTitle "CBM 194"]
[Source "ChessBase"]
[SourceDate "2020.01.27"]
[SourceVersion "1"]
[SourceVersionDate "2020.01.27"]
[SourceQuality "1"]

1. d4 d5 2. c4 e6 3. Nc3 Be7 4. cxd5 exd5 5. Bf4 c6 6. Qc2 Nf6 7. e3 Nh5 8. Be5 Nd7 9. Be2 Nxe5 10. dxe5 g6 11. Bxh5 gxh5 12. Nge2 f6 13. exf6 Bxf6 14. Rd1 O-O 15. O-O Kh8 $146 ({RR} 15... Qe8 16. e4 dxe4 17. Nxe4 Bg7 18. N2c3 Bf5 19. Qb3+ Qe6 20. Qxe6+ Bxe6 21. Rd6 Rae8 22. Re1 b5 23. a3 a5 24. h4 b4 25. axb4 axb4 26. Na4 Bd5 27. Nf6+ Bxf6 28. Rxe8 Rxe8 29. Rxf6 Re1+ 30. Kh2 {Aleksandrov,A (2612)-Shimanov,A (2549) Moscow 2012 ½-½ (41)}) 16. e4 d4 17. Nf4 Be5 18. Nd3 Bg7 19. Ne2 h4 20. h3 Qe7 21. e5 Rd8 22. f4 Bf5 23. Kh2 Qe6 24. Ng1 Bh6 25. Nf3 Qe7 26. Kh1 Bxf4 27. Qc5 Qxc5 28. Nxc5 Bc2 29. Rxd4 Rxd4 30. Nxd4 Be3 31. Nce6 Bg6 32. Rf3 Bh6 33. Nf5 Bxf5 34. Rxf5 Be3 35. Rf3 Re8 36. Rxe3 Rxe6 37. Kg1 Kg7 38. Kf2 Kg6 39. Re4 Re7 40. Kf3 Kf5 41. Rxh4 Kxe5 42. Re4+ Kf6 43. Rxe7 Kxe7 44. Kf4 Kf6 45. g4 a5 46. a4 h6 47. h4 Ke6 48. g5 hxg5+ 49. Kxg5 Kf7 50. Kf5 b5 51. Ke5 1-0

[Event "ROM-chT"]
[Site "Baile Govora"]
[Date "2017.11.17"]
[Round "7.4"]
[White "Kuzubov, Yuriy"]
[Black "Wang, Hao"]
[Result "1/2-1/2"]
[WhiteElo "2690"]
[BlackElo "2706"]
[PlyCount "37"]
[EventDate "2017.11.11"]
[EventType "team-tourn"]
[EventRounds "9"]
[EventCountry "ROU"]
[SourceTitle "CBM 181 Extra"]
[Source "ChessBase"]
[SourceDate "2017.12.12"]
[SourceVersion "1"]
[SourceVersionDate "2017.12.12"]
[SourceQuality "1"]
[WhiteTeam "Timisoara Medicina"]
[BlackTeam "Baia Mare"]
[WhiteTeamCountry "ROU"]
[BlackTeamCountry "ROU"]

1. d4 {ChessBase} d5 2. c4 c6 3. e3 Nf6 4. Nc3 e6 5. b3 Bb4 ({RR} 5... c5 6. Nf3 cxd4 7. exd4 Bb4 8. Bd2 dxc4 9. Bxc4 O-O 10. O-O Nc6 11. a3 Bxc3 12. Bxc3 b6 13. Qe2 Bb7 14. Rfd1 Ne7 15. Ne5 Nfd5 16. Bb2 Ng6 17. Nxg6 hxg6 18. Qe5 Rc8 19. a4 Qd7 20. Rac1 {Carlsen,M (2850)-Dubov,D (2661) Berlin 2015 ½-½ (42)}) 6. Bd2 Nbd7 ({RR} 6... Bd6 7. c5 Bc7 8. f4 b6 9. b4 a5 10. a3 Ba6) ({RR} 6... c5 7. a3 Bxc3 8. Bxc3 Ne4 9. Rc1 dxc4 10. Bxc4 Nxc3 11. Rxc3 cxd4 12. exd4 Nc6 13. Nf3 O-O 14. O-O Bd7 15. d5 exd5 16. Bxd5 Qf6 17. Rc5 b6 18. Rc4 Rad8 19. Qa1 Qxa1 20. Rxa1 Ne7 21. Be4 {Ivanisevic,I (2527)-Nasuta,G (2494) Darfo Boario Terme ITA 2025 1-0 (66)}) 7. a3 Be7 $146 ({RR} 7... Bd6 8. c5 Bc7 9. f4 Ne4 10. Nxe4 dxe4 11. Ne2 O-O 12. Nc3 f6 ({RR} 12... f5) 13. Nxe4 e5 14. Bc4+ Kh8 15. O-O exd4 16. exd4 Re8 17. Ng3 b5 18. Bf7 Re7 19. Bh5 Nf8 20. Ne2 ({RR} 20. Bc3 Be6 21. a4 bxa4 22. Rxa4 Bd5 23. Bf3) 20... Bf5 21. Bf3 Be4 22. Bc3 {Galliamova,A (2471)-Gunina,V (2522) Kazan 2014 CBM 163 Extra [ChessBase] 0-1 (54)}) ({RR} 7... Bd6 8. Nf3 O-O 9. Bd3 Qe7 10. O-O e5 11. dxe5 Nxe5 12. Nxe5 Qxe5 13. g3 dxc4 14. Bxc4 Bg4 15. f3 Bh3 16. Re1 Qg5 17. e4 Qg6 18. e5 Bc5+ 19. Be3 Bxe3+ 20. Rxe3 Nh5 21. f4 Rad8 22. Bd3 {Wanninger,C-Hahn,M Playchess.com INT 2008 0-1}) 8. Nf3 O-O 9. Bd3 b6 10. O-O Bb7 11. Qe2 c5 12. Rfd1 Rc8 13. cxd5 Nxd5 14. Ba6 Nxc3 15. Bxc3 Bxa6 16. Qxa6 cxd4 17. Bxd4 Qc7 18. Qb5 Rfd8 19. a4 1/2-1/2

[Event "Zagreb Peace"]
[Site "Zagreb"]
[Date "2019.11.19"]
[Round "1"]
[White "Ivanchuk, Vassily"]
[Black "Bacrot, Etienne"]
[Result "1/2-1/2"]
[WhiteElo "2679"]
[BlackElo "2669"]
[PlyCount "49"]
[EventDate "2019.11.19"]
[EventType "tourn"]
[EventRounds "11"]
[EventCountry "CRO"]
[EventCategory "16"]
[SourceTitle "CBM 193 Extra"]
[Source "ChessBase"]
[SourceDate "2020.01.31"]
[SourceVersion "1"]
[SourceVersionDate "2020.01.31"]
[SourceQuality "1"]

1. d4 d5 2. c4 e6 3. Nc3 Be7 4. Qc2 Nf6 5. cxd5 ({RR} 5. Bg5 h6 6. Bxf6 Bxf6 7. O-O-O dxc4 8. e3 c6 9. Bxc4 Nd7 10. Nf3 a5 11. Ne5 O-O 12. Kb1 Be7 13. h4 Qc7 14. f4 b5 15. Be2 Nxe5 16. dxe5 b4 17. Ne4 a4 18. Ng5 Bxg5 19. hxg5 b3 {Gareyev,T (2606)-Oparin,G (2652) Chess.com INT 2020 ½-½ (40)}) 5... Nxd5 ({RR} 5... exd5 6. e3 c6 7. Bd3 O-O 8. Nge2 Bd6 9. Ng3 g6 10. O-O Kh8 11. Nce2 Re8 12. f3 Bc7 13. Qc3 Nbd7 14. e4 Nf8 15. e5 Ng8 16. f4 Bb6 17. Kh1 Qh4 18. f5 Qe7 19. b4 a5 20. Ba3 {Mu,W (1941)-Dong,J (1672) Shenzhen CHN 2026 1-0}) 6. Nf3 O-O 7. g3 $146 ({RR} 7. Bd2 Na6 8. e3 Ndb4 9. Qb1 c5 10. a3 Nc6 11. dxc5 Nxc5 12. b4 Nd7 13. Be2 b6 14. O-O Bb7 15. Rd1 Rc8 16. Be1 Qe8 17. Qb3 Nde5 18. Nb5 a6 19. Nxe5 Nxe5 20. Nd6 Bxd6 21. Rxd6 Qe7 {Stefansson,H (2522)-Talla,V (2394) Pardubice 2013 ½-½ (35)}) ({RR} 7. e3 b6 8. a3 Nxc3 9. bxc3 Bb7 10. Bd3 h6 11. Qe2 c5 12. O-O Nd7 13. e4 Re8 14. Bd2 Qc7 15. a4 a5 16. Rab1 Bc6 17. Bb5 Nf6 18. Rfe1 Bxb5 19. Qxb5 Rec8 20. Ne5 Bd6 21. f4 Rab8 {Deuer,M (2344)-Craciun,S (2002) Mamaia 2022 1-0 (57)}) 7... Nc6 8. Bg2 Ndb4 9. Qb3 Nxd4 10. Nxd4 Qxd4 11. Be3 Qe5 12. a3 Na6 13. O-O c6 14. Rfd1 Qf5 15. Ne4 e5 16. Nd6 Bxd6 17. Rxd6 Nc7 18. Rad1 Nb5 19. R6d3 a5 20. Rd8 Be6 21. Rxf8+ Rxf8 22. Qa4 Nd4 23. Bxd4 exd4 24. Qxd4 Qc2 25. Rd2 1/2-1/2

[Event "Titled Tue 2nd Jan Late"]
[Site "chess.com INT"]
[Date "2024.01.02"]
[Round "6"]
[White "Caruana, F."]
[Black "Melkumyan, H."]
[Result "1-0"]
[WhiteElo "2804"]
[BlackElo "2640"]
[PlyCount "85"]
[EventDate "2024.01.02"]

1. c4 {Hjartarson,Johann} e6 2. Nc3 d5 3. d4 Be7 4. cxd5 exd5 5. Bf4 Nf6 6. e3 O-O 7. Bd3 c5 8. Nf3 Bg4 9. dxc5 Bxc5 10. O-O Nc6 11. h3 Bxf3 12. Qxf3 d4 13. Ne4 Nxe4 ({RR} 13... Be7 14. Rad1 Qa5 15. Ng3 dxe3 ({RR} 15... Qxa2 16. Nf5 Rfe8 17. Bh6 Ne5 18. Qg3 Ng6 19. Nxg7) 16. fxe3 Qxa2 17. Nf5 Qe6 18. Bh6) ({RR} 13... Be7 14. Rad1 Qa5 15. a3 Nd5 16. Bc4 Nxf4 17. exf4 Qc7 18. Rc1 a5 19. h4 a4 20. h5 Ra5 21. g3 Qd7 22. Kg2 Rd8 23. Bd3 h6 24. Rc2 Kf8 25. Rfc1 Qe6 26. Re2 Qd5 27. g4 Re8 28. Kg3 {Seer2.8.0 (3499)-Ethereal14.35 (3523) tcec-chess.com INT 2024 1-0 (73)}) 14. Bxe4 g6 $146 ({RR} 14... dxe3 15. fxe3 Qb6 16. Rac1 ({RR} 16. Bxc6 bxc6 17. Rac1 Rac8) ({RR} 16. Kh1 Rae8 17. Rac1 Ne5) 16... f5 ({RR} 16... Rae8 17. Bxh7+ Kxh7 18. Qh5+ Kg8 19. Qxc5 Qxb2 20. Bd6) 17. Bd5+ Kh8 18. Rc3 Rad8 19. Bxc6 ({RR} 19. Rfc1 Bd6 20. Bxc6 ({RR} 20. Rb3 Qa5 21. Rxb7 Bxf4 22. Bxc6 ({RR} 22. exf4 Nd4) 22... Be5 23. Rb5 Qd2) 20... Bxf4 21. Bxb7 Be5 22. Rb3 Qa5) 19... bxc6 20. Be5 ({RR} 20. Qg3 Rf7 21. Rfc1 Bf8 22. Rb3 Qa5) 20... Kg8 21. Rfc1 ({RR} 21. Qg3 Rf7 22. Rxf5 Rdd7 ({RR} 22... Bf8 23. Rxf7 Kxf7 24. Qf3+ Kg8 25. Rxc6) 23. Rxf7 Rxf7 24. Rd3) 21... Rd5 22. Qg3 Bxe3+ ({RR} 22... g6 23. h4 Re8 24. Bf4) ({RR} 22... Rf7 23. Rb3 Qa5 24. Rxc5 Qxc5 25. Rb8+) 23. Rxe3 Rxe5 24. Qxe5 f4 25. Qe6+ Rf7 26. Rxc6 Qxe3+ 27. Qxe3 fxe3 28. Rc8+ {1-0 (28) Hjartarson,J (2580)-Arlandi,E (2420) Debrecen 1992 EU-chT [Hjartarson,Johann]}) ({RR} 14... Qe7 15. Rae1 dxe3 16. Bxe3 Bxe3 17. Rxe3 Qc5 18. Rc3 Qa5 19. a3 Qb6 20. Bxc6 bxc6 21. b4 a5 22. Rxc6 Qb7 23. bxa5 Rxa5 24. Rfc1 Qa8 25. R1c3 h6 26. g3 Re8 27. Kg2 Ra7 28. h4 Qb7 29. R6c4 {Carlsen,M (2840)-So,W (2753) chess.com INT 2026 ½-½ (100)}) 15. Rfd1 Qb6 16. Bxc6 bxc6 17. Be5 Rae8 18. exd4 Be7 19. d5 cxd5 20. Rxd5 Qe6 21. Bc3 Bd6 22. g3 Bc7 23. Rad1 Qc6 24. Kg2 Re6 25. Rd7 Qxf3+ 26. Kxf3 Bb6 27. a4 a6 28. a5 Bc5 29. Rb7 h5 30. Rdd7 Bd6 31. Rb6 Bc5 32. Rbb7 Bd6 33. Bd4 Be5 34. Bc5 Rf6+ 35. Kg2 Rc8 36. b4 Rf5 37. Ra7 Bc3 38. Rxa6 Kh7 39. Raa7 Kg7 40. a6 Rb8 41. Rab7 Ra8 42. a7 Be1 43. Rb8 1-0

[Event "EU-chT 23rd"]
[Site "Terme Catez"]
[Date "2021.11.18"]
[Round "6.2"]
[White "Anton Guijarro, David"]
[Black "Lupulescu, Constantin"]
[Result "1/2-1/2"]
[WhiteElo "2669"]
[BlackElo "2624"]
[PlyCount "141"]
[EventDate "2021.11.12"]
[EventType "team-swiss"]
[EventRounds "9"]
[EventCountry "SLO"]
[SourceTitle "CBM 205"]
[Source "ChessBase"]
[SourceDate "2021.11.30"]
[SourceVersion "1"]
[SourceVersionDate "2021.11.30"]
[SourceQuality "1"]
[WhiteTeam "Spain"]
[BlackTeam "Romania"]
[WhiteTeamCountry "ESP"]
[BlackTeamCountry "ROU"]

1. c4 e6 2. Nc3 d5 3. d4 a6 4. cxd5 exd5 5. Nf3 c6 6. Bf4 Bd6 7. Bxd6 Qxd6 8. e3 Ne7 9. Bd3 Nd7 ({RR} 9... Bf5 10. Qb3 Bxd3 11. Qxb7 O-O 12. Qxa8 Qc7 13. Ne5 Nc8 14. Nxd5 cxd5 15. Qxd5 Bb5 16. Qc5 Qa5+ 17. Qc3 Qa4 18. a3 Nc6 19. b3 Qa5 20. Qxa5 Nxa5 21. a4 Be8 22. b4 Nb7 23. O-O f6 24. Nd3 {Sarana,A (2688)-Yeletsky,I (2504) chess.com INT 2023 1-0 (41)}) 10. Qc2 $146 ({RR} 10. O-O O-O 11. Qc2 g6 12. Ne2 b6 13. Rfd1 Bb7 14. Ng3 Rfc8 15. e4 c5 16. dxc5 Rxc5 17. Qd2 Ne5 18. Be2 Rd8 19. b4 Rcc8 20. exd5 Nxd5 21. Qh6 Qe7 22. Nxe5 Qxe5 23. Bf3 Ba8 24. Re1 Qf4 {Zhong,K (2299)-Xiao,T (2520) Huairou District CHN 2025 0-1 (55)}) 10... Nf6 11. h3 g6 12. g4 c5 13. dxc5 Qxc5 14. O-O-O O-O 15. Kb1 Bd7 16. Nd4 b5 17. f3 b4 18. Nce2 Qb6 19. Nf4 Bb5 20. Qd2 Bxd3+ 21. Nxd3 a5 22. h4 h5 23. gxh5 Nxh5 24. Nf4 Nxf4 25. exf4 Rfd8 26. h5 Nf5 27. Nxf5 gxf5 28. Qd3 b3 29. Qxf5 bxa2+ 30. Ka1 Rab8 31. Rh2 Qe6 32. Rg2+ Kh8 33. Qxe6 fxe6 34. Rg6 Rb4 35. Rdg1 Kh7 36. Rg7+ Kh8 37. R7g6 Kh7 38. Rg7+ Kh8 39. Re7 Rxf4 40. Rxe6 Kh7 41. Re7+ Kh6 42. Re5 Rxf3 43. Rg6+ Kh7 44. Re7+ Kh8 45. Rgg7 Rh3 46. Rh7+ Kg8 47. Reg7+ Kf8 48. Rg6 Re8 49. h6 Re7 50. Rh8+ Kf7 51. Ra6 Re6 52. Ra7+ Kf6 53. h7 Ke5 54. Rd8 Reh6 55. Rxa5 Rxh7 56. Raxd5+ Ke4 57. R5d7 Rxd7 58. Rxd7 Rh8 59. Kxa2 Ra8+ 60. Kb1 Rb8 61. Rd2 Ke3 62. Kc1 Rc8+ 63. Rc2 Rb8 64. Rc4 Kd3 65. Ra4 Rc8+ 66. Kb1 Rc4 67. Ra5 Rb4 68. Rc5 Kd4 69. Rh5 Kc4 70. Kc2 Rb8 71. Rh4+ 1/2-1/2